00515 a2200181 450000100060000002000150000604000240002110000220004524000420006724500370010930000070014636200090015344000120016265000310017494200070020595201040021299900170031670609 a8508100027 cAnchieta - Itaigara aFournier, Martine10aConvivendo com meninas e meninoslpor10aConvivendo com meninas e meninos a550 a2005 1aÁtica 4aLiteratura infanto-juvenil cBK 00104070a88.1b88.1d2023-11-21l0o028.5 BOU CONp4170/ITAr2023-11-21 20:05:41w2023-11-21yBK c70609d70609